[Event "Titled Tuesday intern op 01st Aug Early"]
[Site "Chess.com INT"]
[Date "2023.08.01"]
[Round "6"]
[White "Kaminski, Victor Kazimierz"]
[Black "Winkels, Marcel"]
[Result "1-0"]
[WhiteElo "2247"]
[BlackElo "1920"]
[PlyCount "47"]
[EventDate "2023.08.01"]
[EventType "swiss (blitz)"]
[EventRounds "11"]
[EventCountry "USA"]
[SourceTitle "EXT 2024"]
[Source "ChessBase"]
[SourceDate "2023.10.10"]
[SourceVersion "1"]
[SourceVersionDate "2023.10.10"]
[SourceQuality "1"]

1. e4 c5 2. Nf3 e6 3. d4 cxd4 4. Nxd4 Nc6 5. Nc3 Qc7 6. g4 a6 7. h4 b5 8. Nxc6 Qxc6 9. a3 Bb7 10. Rh3 b4 11. axb4 Bxb4 12. Bd2 Nf6 13. e5 Bxc3 14. Rxc3 Qe4+ 15. Re3 Qxg4 16. exf6 Qxh4 17. fxg7 Rg8 18. Bc3 0-0-0 19. Qd4 Qxd4 20. Bxd4 d5 21. Bxa6 Rde8 22. Rc3+ Kb8 23. Be5+ Ka8 24. Bb5+ 1-0

[Event "Titled Tuesday intern op 01st Aug Early"]
[Site "Chess.com INT"]
[Date "2023.08.01"]
[Round "7"]
[White "Stachanczyk, Jacek"]
[Black "Kaminski, Victor Kazimierz"]
[Result "0-1"]
[WhiteElo "2124"]
[BlackElo "2247"]
[PlyCount "122"]
[EventDate "2023.08.01"]
[EventType "swiss (blitz)"]
[EventRounds "11"]
[EventCountry "USA"]
[SourceTitle "EXT 2024"]
[Source "ChessBase"]
[SourceDate "2023.10.10"]
[SourceVersion "1"]
[SourceVersionDate "2023.10.10"]
[SourceQuality "1"]

1. e4 e5 2. Nf3 Nc6 3. Bb5 a6 4. Ba4 Nf6 5. 0-0 Be7 6. Re1 b5 7. Bb3 0-0 8. a4 Bb7 9. d3 d6 10. Nbd2 Na5 11. Ba2 c5 12. c3 Rb8 13. axb5 axb5 14. Nf1 c4 15. Ng3 Bc8 16. h3 Be6 17. d4 Qc7 18. d5 Bd7 19. Be3 Rfe8 20. Nh2 Nb7 21. Bb1 Nc5 22. Bc2 b4 23. Qf3 bxc3 24. bxc3 Rb2 25. Rec1 Reb8 26. Ng4 Nb3 27. Bxb3 cxb3 28. Nxf6+ Bxf6 29. c4 Rc2 30. Rxc2 bxc2 31. Rc1 Qxc4 32. Qe2 Rc8 33. Qxc4 Rxc4 34. f3 Bd8 35. Kf2 g6 36. Nf1 f5 37. Ke2 Bb5 38. Kf2 fxe4 39. fxe4 Rxe4 40. Rxc2 Bxf1 41. Kxf1 Rxe3 42. Rc8 Kf7 43. Rxd8 Ke7 44. Rh8 Rd3 45. Rxh7+ Kf6 46. Rd7 Rxd5 47. Ke2 Rd4 48. Ke3 Rd1 49. g3 d5 50. Rd6+ Kf5 51. g4+ Kg5 52. Kf3 Rd3+ 53. Ke2 Rxh3 54. Rxd5 Kf4 55. Rd6 Rh2+ 56. Ke1 g5 57. Re6 e4 58. Rf6+ Ke3 59. Rf7 Rh1+ 60. Rf1 Rxf1+ 61. Kxf1 Kd2 0-1

[Event "Titled Tuesday intern op 16th May Early"]
[Site "Chess.com INT"]
[Date "2023.05.16"]
[Round "1"]
[White "Kaminski, Victor Kazimierz"]
[Black "Fromm, Marius"]
[Result "0-1"]
[WhiteElo "2247"]
[BlackElo "2457"]
[PlyCount "124"]
[EventDate "2023.05.16"]
[EventType "swiss (blitz)"]
[EventRounds "11"]
[EventCountry "USA"]
[SourceTitle "CBM 214 Extra"]
[Source "ChessBase"]
[SourceDate "2023.07.31"]
[SourceVersion "1"]
[SourceVersionDate "2023.07.31"]
[SourceQuality "1"]

1. d4 d5 2. c4 Nc6 3. Nf3 Bg4 4. e3 e6 5. Nc3 Nf6 6. Qa4 Bxf3 7. gxf3 Be7 8. f4 0-0 9. Rg1 a6 10. cxd5 exd5 11. Bd3 Nb4 12. Bb1 c5 13. Qd1 Rc8 14. Bf5 Rc7 15. Ne2 Ne4 16. a3 Nc6 17. Bxe4 dxe4 18. dxc5 Qxd1+ 19. Kxd1 Bxc5 20. Nc3 f5 21. Bd2 Rd8 22. Ke2 Rcd7 23. Rad1 Na5 24. Na4 Nb3 25. Bc3 Bf8 26. Rxd7 Rxd7 27. Nb6 Rd3 28. Nc4 g6 29. h4 Kf7 30. Ne5+ Ke6 31. Nxd3 exd3+ 32. Kxd3 Nc5+ 33. Ke2 Ne4 34. Bd4 b5 35. h5 gxh5 36. Rh1 h6 37. Rxh5 a5 38. Rh1 Nd6 39. b3 Ne4 40. a4 b4 41. Rc1 Kd5 42. Rc8 Bc5 43. Rd8+ Ke6 44. Rc8 Bxd4 45. exd4 Kd5 46. Kd3 Nxf2+ 47. Ke3 Nd1+ 48. Kd2 Nc3 49. Rc5+ Kxd4 50. Rxf5 Nd5 51. Rh5 Nxf4 52. Rxh6 Nd3 53. Ra6 Nc5 54. Rxa5 Nxb3+ 55. Kc2 Nxa5 56. Kb2 Kc4 57. Kc2 b3+ 58. Kb2 Kb4 59. Kb1 Kxa4 60. Kb2 Nc4+ 61. Kc3 Ka3 62. Kxc4 b2 0-1

[Event "Titled Tuesday intern op 17th Jan Early"]
[Site "Chess.com INT"]
[Date "2023.01.17"]
[Round "4"]
[White "Kaminski, Victor Kazimierz"]
[Black "Vivas Zamora, Fabian Ernesto"]
[Result "0-1"]
[WhiteElo "2247"]
[BlackElo "2336"]
[PlyCount "64"]
[EventDate "2023.01.17"]
[EventType "swiss (blitz)"]
[EventRounds "11"]
[EventCountry "USA"]
[SourceTitle "CBM 212 Extra"]
[Source "ChessBase"]
[SourceDate "2023.03.31"]
[SourceVersion "1"]
[SourceVersionDate "2023.03.31"]
[SourceQuality "1"]

1. e4 e5 2. Nf3 Nc6 3. Bb5 Nf6 4. d3 Bc5 5. Bxc6 dxc6 6. Nbd2 Be6 7. 0-0 Bd6 8. Nb3 h6 9. h3 Qe7 10. d4 0-0-0 11. Qe2 Bxb3 12. axb3 exd4 13. Rxa7 Qxe4 14. Qc4 Qd5 15. Qa4 Bc5 16. Ra5 b5 17. Qa1 Kb7 18. c4 dxc3 19. bxc3 Qxb3 20. Ba3 Bb6 21. Rb1 Qc4 22. Ne5 Qe6 23. c4 Bxa5 24. cxb5 cxb5 25. Rxb5+ Bb6 26. Bc5 Rd5 27. Qb2 Qxe5 28. Rxb6+ cxb6 29. Qxb6+ Kc8 30. Qc6+ Kd8 31. Bb6+ Ke7 32. Bc7 Rd1# 0-1

[Event "Titled Tuesday intern op 17th Jan Early"]
[Site "Chess.com INT"]
[Date "2023.01.17"]
[Round "6"]
[White "Kuchava, Ana"]
[Black "Kaminski, Victor Kazimierz"]
[Result "1-0"]
[WhiteElo "2101"]
[BlackElo "2247"]
[PlyCount "123"]
[EventDate "2023.01.17"]
[EventType "swiss (blitz)"]
[EventRounds "11"]
[EventCountry "USA"]
[SourceTitle "CBM 212 Extra"]
[Source "ChessBase"]
[SourceDate "2023.03.31"]
[SourceVersion "1"]
[SourceVersionDate "2023.03.31"]
[SourceQuality "1"]

1. d4 Nf6 2. Nf3 d5 3. c4 e6 4. Nc3 c5 5. cxd5 cxd4 6. Qxd4 exd5 7. Bg5 Be7 8. e3 0-0 9. Bb5 Nc6 10. Bxc6 bxc6 11. 0-0 h6 12. Bh4 Rb8 13. Qd2 Ba6 14. Rfd1 Qb6 15. b3 Rfd8 16. Na4 Qb4 17. Qxb4 Rxb4 18. Rac1 Be2 19. Rd2 Bb5 20. Nc5 Rc8 21. Nd4 Bxc5 22. Rxc5 Ne4 23. Nc2 Rxb3 24. axb3 Nxc5 25. Nd4 a5 26. Rc2 Nd3 27. Nxb5 Rb8 28. Nd4 c5 29. Rc3 c4 30. g4 cxb3 31. Nxb3 Nb2 32. Nxa5 Ra8 33. Rc5 Nd3 34. Rxd5 Nc1 35. Kg2 Kh7 36. Bg3 g5 37. h4 gxh4 38. Bxh4 Ne2 39. Kf3 Nc3 40. Rf5 Kg6 41. Rf6+ Kg7 42. Nc6 Ra4 43. Ne5 Ne4 44. Rxf7+ Kg8 45. Rf4 Nd2+ 46. Kg2 Ra2 47. Bf6 Nc4 48. Nxc4 Rc2 49. Be5 Kh7 50. Bd6 h5 51. Ne5 hxg4 52. Rxg4 Kh6 53. Nf3 Kh7 54. e4 Rb2 55. e5 Re2 56. Rd4 Kg6 57. Kg3 Kf5 58. Rf4+ Ke6 59. Nd4+ Kd7 60. Nxe2 Ke8 61. e6 Kd8 62. Rf8# 1-0

[Event "Titled Tuesday intern op 17th Jan Early"]
[Site "Chess.com INT"]
[Date "2023.01.17"]
[Round "2"]
[White "Parpiev, Isaak"]
[Black "Kaminski, Victor Kazimierz"]
[Result "1-0"]
[WhiteElo "2167"]
[BlackElo "2247"]
[PlyCount "101"]
[EventDate "2023.01.17"]
[EventType "swiss (blitz)"]
[EventRounds "11"]
[EventCountry "USA"]
[SourceTitle "CBM 212 Extra"]
[Source "ChessBase"]
[SourceDate "2023.03.31"]
[SourceVersion "1"]
[SourceVersionDate "2023.03.31"]
[SourceQuality "1"]

1. Nf3 Nf6 2. g3 g6 3. Bg2 Bg7 4. 0-0 0-0 5. d3 d5 6. Nbd2 c5 7. e4 Nc6 8. Re1 Bg4 9. h3 Bxf3 10. Bxf3 e6 11. Bg2 Rc8 12. c3 Qc7 13. Qe2 Rfd8 14. Nf3 c4 15. dxc4 Nxe4 16. cxd5 exd5 17. Bf4 Qb6 18. Ng5 Nxg5 19. Bxg5 Rd7 20. Rad1 h6 21. Qg4 f5 22. Qh4 hxg5 23. Qxg5 Ne5 24. Rxd5 Rxd5 25. Bxd5+ Kh7 26. Qh4+ Bh6 27. Rxe5 Rc7 28. Re7+ Rxe7 29. Qxe7+ Bg7 30. Qxb7 Qc5 31. Qa8 Qe7 32. Bg8+ Kh6 33. Qf3 Qe1+ 34. Kg2 Qd2 35. Qe3+ Qxe3 36. fxe3 Be5 37. Kf3 Kg5 38. Bf7 Kf6 39. Be8 g5 40. g4 fxg4+ 41. hxg4 a5 42. Ke4 Bd6 43. Kd5 Be7 44. c4 Bb4 45. a3 Bd2 46. e4 Bf4 47. b4 Ke7 48. Bc6 axb4 49. axb4 Bd6 50. c5 Bf4 51. e5 1-0

[Event "Titled Tuesday intern op 10th Jan Early"]
[Site "Chess.com INT"]
[Date "2023.01.10"]
[Round "6"]
[White "Kaminski, Victor Kazimierz"]
[Black "Mendez Fortes, Eduardo Jesus"]
[Result "0-1"]
[WhiteElo "2247"]
[BlackElo "2250"]
[PlyCount "46"]
[EventDate "2023.01.10"]
[EventType "swiss (blitz)"]
[EventRounds "11"]
[EventCountry "USA"]
[SourceTitle "EXT 2024"]
[Source "ChessBase"]
[SourceDate "2023.10.10"]
[SourceVersion "1"]
[SourceVersionDate "2023.10.10"]
[SourceQuality "1"]

1. d4 Nf6 2. c4 e6 3. g3 d5 4. Bg2 dxc4 5. Nf3 a6 6. 0-0 Nc6 7. e3 Rb8 8. Nfd2 e5 9. Bxc6+ bxc6 10. dxe5 Ng4 11. Nxc4 Be6 12. Nbd2 Bb4 13. Qc2 h5 14. b3 h4 15. Nf3 hxg3 16. fxg3 Bc5 17. Qe2 Qd5 18. Ba3 Ba7 19. Rad1 Qe4 20. Ng5 Bxc4 21. bxc4 Bxe3+ 22. Rf2 Bxf2+ 23. Qxf2 Nxf2 0-1

[Event "Titled Tuesday intern op 10th Jan Early"]
[Site "Chess.com INT"]
[Date "2023.01.10"]
[Round "7"]
[White "Kaminski, Victor Kazimierz"]
[Black "Parpiev, Isaak"]
[Result "0-1"]
[WhiteElo "2247"]
[BlackElo "2167"]
[PlyCount "78"]
[EventDate "2023.01.10"]
[EventType "swiss (blitz)"]
[EventRounds "11"]
[EventCountry "USA"]
[SourceTitle "EXT 2024"]
[Source "ChessBase"]
[SourceDate "2023.10.10"]
[SourceVersion "1"]
[SourceVersionDate "2023.10.10"]
[SourceQuality "1"]

1. e4 e5 2. Nf3 Nc6 3. Bb5 a6 4. Ba4 Nf6 5. 0-0 Be7 6. d3 b5 7. Bb3 0-0 8. Nc3 d6 9. a4 Rb8 10. axb5 axb5 11. Nd5 Be6 12. Ra6 Bxd5 13. exd5 Nb4 14. c4 Nxa6 15. cxb5 Nb4 16. Bc4 Nbxd5 17. d4 e4 18. Ng5 h6 19. Nxe4 Nxe4 20. Bxd5 Nf6 21. Bc6 d5 22. Qf3 Bd6 23. Bd2 Re8 24. Bxe8 Qxe8 25. Bxh6 Qe4 26. Qxe4 Nxe4 27. Bc1 Rxb5 28. f3 Nf6 29. Re1 Rb4 30. Rd1 Nd7 31. Kf2 Nb6 32. Rd2 Bf4 33. Rc2 Bxc1 34. Rxc1 Rxb2+ 35. Kg3 Nc4 36. Re1 Kf8 37. Ra1 Ke7 38. Ra7 Kd7 39. Rb7 Rxb7 0-1

[Event "Titled Tuesday intern op 10th Jan Late"]
[Site "Chess.com INT"]
[Date "2023.01.10"]
[Round "4"]
[White "Kaminski, Victor Kazimierz"]
[Black "Rastbod, Ali"]
[Result "0-1"]
[WhiteElo "2247"]
[BlackElo "2347"]
[PlyCount "48"]
[EventDate "2023.01.10"]
[EventType "swiss (blitz)"]
[EventRounds "11"]
[EventCountry "USA"]
[SourceTitle "EXT 2024"]
[Source "ChessBase"]
[SourceDate "2023.10.10"]
[SourceVersion "1"]
[SourceVersionDate "2023.10.10"]
[SourceQuality "1"]

1. d4 f5 2. Bg5 d5 3. Nc3 c6 4. e3 Be6 5. Nh3 h6 6. Bf4 g5 7. Be5 Nf6 8. Be2 Bf7 9. Bxf6 exf6 10. Bh5 Qd7 11. Bxf7+ Kxf7 12. 0-0 h5 13. f3 Bb4 14. Ne2 Re8 15. Qd3 Qe6 16. c3 Bd6 17. Kh1 Kg7 18. Ng3 Bxg3 19. hxg3 Nd7 20. Rae1 Nf8 21. Nf2 Qd6 22. Qxf5 Qxg3 23. e4 Ng6 24. exd5 Nf4 0-1